Studies on solvent assisted dyeing of acrylic fibres with dispere dyes (Record no. 50191)

MARC details
000 -LEADER
fixed length control field 00342nam a2200133Ia 4500
008 - FIXED-LENGTH DATA ELEMENTS--GENERAL INFORMATION
fixed length control field 230917s9999||||xx |||||||||||||| ||und||
040 ## - CATALOGING SOURCE
-- 93173
Original cataloging agency VIVEKANANDA LIBRARY
041 ## - Language
-- English
082 ## - DDC NUMBER
Classification number 677 M317S
100 ## - MAIN ENTRY--PERSONAL NAME
Personal name Manoj Kumar
245 #0 - TITLE STATEMENT
Title Studies on solvent assisted dyeing of acrylic fibres with dispere dyes
300 ## - PHYSICAL DESCRIPTION
Pages 43 p.
942 ## - ADDED ENTRY ELEMENTS (KOHA)
Koha item type Thesis
Holdings
Withdrawn status Lost status Damaged status Not for loan Location (home branch) Sublocation or collection (holding branch) Shelving location Date acquired Koha issues (times borrowed) Koha full call number Accession No. Koha date last seen Koha item type
        VIVEKANANDA LIBRARY VIVEKANANDA LIBRARY Reference 19/06/2003   677 M317S 118402 17/09/2023 Thesis
© Designed and Maintained by Vivekananda Library, MDU Rohtak